[Event "BCF-chT4S 1718 (4NCL)"]
[Site "England"]
[Date "2018.05.05"]
[Round "9.64"]
[White "Watson, Jacob"]
[Black "Vallis, Nicholas J"]
[Result "1-0"]
[WhiteElo "1881"]
[BlackElo "1506"]
[PlyCount "91"]
[EventDate "2017.11.11"]
[EventType "team-swiss"]
[EventRounds "11"]
[EventCountry "ENG"]
[SourceTitle "EXT 2020"]
[Source "ChessBase"]
[SourceDate "2019.10.17"]
[SourceVersion "1"]
[SourceVersionDate "2019.10.17"]
[SourceQuality "1"]
[WhiteTeam "KJCA Young Kestrels"]
[BlackTeam "Camberley Juniors"]
[WhiteTeamCountry "ENG"]
[BlackTeamCountry "ENG"]

1. e4 c6 2. d4 d5 3. Nc3 dxe4 4. Nxe4 Bf5 5. Ng3 Bg6 6. Nf3 Nf6 7. Bd3 Bxd3 8. Qxd3 e6 9. 0-0 Be7 10. Re1 Nbd7 11. Bd2 0-0 12. Rad1 Qc7 13. Ne4 Nd5 14. Neg5 Bxg5 15. Nxg5 N7f6 16. c4 Nf4 17. Qf3 Ng6 18. Bb4 Rfe8 19. Ne4 Nxe4 20. Qxe4 Rad8 21. d5 c5 22. Bc3 e5 23. Rd3 f6 24. Rg3 Qf7 25. Rf3 b6 26. h4 Nf4 27. g3 Nh5 28. Qg4 Qg6 29. Qxg6 hxg6 30. Rfe3 Kf7 31. Kg2 Rc8 32. Re4 a6 33. Bd2 b5 34. g4 Nf4+ 35. Bxf4 exf4 36. b3 g5 37. hxg5 fxg5 38. Kf3 g6 39. Rxe8 Rxe8 40. Rxe8 Kxe8 41. Ke4 Kd7 42. Ke5 Ke7 43. d6+ Kd7 44. Kd5 b4 45. Kxc5 f3 46. Kd5 1-0

[Event "BCF-chT4S 1718 (4NCL)"]
[Site "England"]
[Date "2017.11.12"]
[Round "2.103"]
[White "Vallis, Nicholas J"]
[Black "Maladkar, Lavanya"]
[Result "0-1"]
[WhiteElo "1506"]
[BlackElo "1534"]
[PlyCount "108"]
[EventDate "2017.11.11"]
[EventType "team-swiss"]
[EventRounds "11"]
[EventCountry "ENG"]
[SourceTitle "EXT 2020"]
[Source "ChessBase"]
[SourceDate "2019.10.17"]
[SourceVersion "1"]
[SourceVersionDate "2019.10.17"]
[SourceQuality "1"]
[WhiteTeam "Camberley Juniors"]
[BlackTeam "KJCA Kings II"]
[WhiteTeamCountry "ENG"]
[BlackTeamCountry "ENG"]

1. c4 Nf6 2. Nc3 g6 3. g3 Bg7 4. Bg2 e6 5. d3 d5 6. Bg5 c6 7. Nf3 h6 8. Bd2 d4 9. Na4 Na6 10. b4 b5 11. Nb2 bxc4 12. Nxc4 Nd5 13. a3 0-0 14. 0-0 c5 15. b5 Nac7 16. a4 Rb8 17. Nfe5 Bd7 18. Qc1 Kh7 19. Ba5 Qe7 20. Bxc7 Nxc7 21. Rb1 Nd5 22. Bxd5 exd5 23. Nxd7 Qxd7 24. Na5 Rfc8 25. Nc6 Rb7 26. Qxc5 Rbc7 27. Qb4 Qg4 28. Qd2 a6 29. Rfe1 h5 30. Qa2 Qf5 31. Qa3 Qe6 32. Qb4 Qg4 33. Qa5 axb5 34. axb5 Qd7 35. Qa4 Qg4 36. Kg2 h4 37. f3 Qg5 38. Nxd4 hxg3 39. hxg3 Be5 40. Rh1+ Kg7 41. Rh3 Qe3 42. Nc6 Qxe2+ 43. Kg1 Bf6 44. Qd1 Qe3+ 45. Kf1 Bd4 46. Nxd4 Qxd4 47. Rh2 Qe3 48. Kg2 Rc2+ 49. Kh1 Rc1 50. b6 Rxd1+ 51. Rxd1 Qxf3+ 52. Rg2 Qxd1+ 53. Rg1 Qf3+ 54. Kh2 Rh8# 0-1

[Event "BCF-chT4S 1718 (4NCL)"]
[Site "England"]
[Date "2017.11.11"]
[Round "1.43"]
[White "McMahon, Paul"]
[Black "Vallis, Nicholas J"]
[Result "1-0"]
[WhiteElo "1964"]
[BlackElo "1506"]
[PlyCount "119"]
[EventDate "2017.11.11"]
[EventType "team-swiss"]
[EventRounds "11"]
[EventCountry "ENG"]
[SourceTitle "EXT 2020"]
[Source "ChessBase"]
[SourceDate "2019.10.17"]
[SourceVersion "1"]
[SourceVersionDate "2019.10.17"]
[SourceQuality "1"]
[WhiteTeam "Poisoned Pawns II"]
[BlackTeam "Camberley Juniors"]
[WhiteTeamCountry "ENG"]
[BlackTeamCountry "ENG"]

1. Nc3 Nf6 2. Nf3 g6 3. d4 Bg7 4. Bg5 d6 5. h3 0-0 6. e4 Nbd7 7. Bd3 c5 8. 0-0 cxd4 9. Nxd4 Nc5 10. Re1 b6 11. Bb5 Bb7 12. Bc6 Qc8 13. Nd5 Nxd5 14. exd5 e5 15. Bxb7 Qxb7 16. Nc6 Rfe8 17. c3 e4 18. Re3 Nd3 19. Qb3 f5 20. f3 Nc5 21. Qd1 Nd3 22. Qb3 Nc5 23. Qd1 Nd3 24. Qe2 Nc5 25. Re1 Nd3 26. Rxd3 exd3 27. Qxe8+ Rxe8 28. Rxe8+ Kf7 29. Nd8+ Kxe8 30. Nxb7 Kd7 31. Kf2 h6 32. Bf4 Be5 33. Bxh6 Kc7 34. Nxd6 Kxd6 35. Ke3 Kxd5 36. Kxd3 b5 37. Be3 a6 38. b3 Bf6 39. g4 fxg4 40. hxg4 g5 41. c4+ bxc4+ 42. bxc4+ Kc6 43. Ke4 Be7 44. Kf5 Bc5 45. Bxc5 Kxc5 46. Kxg5 Kxc4 47. f4 Kc3 48. f5 Kb2 49. a4 Kb3 50. f6 Kxa4 51. f7 a5 52. f8Q Kb3 53. Qb8+ Kc4 54. Qc7+ Kb4 55. Kf5 a4 56. Ke4 a3 57. Kd4 Kb5 58. Qc4+ Ka5 59. Kc5 a2 60. Qb5# 1-0

[Event "BCF-chT4S 1617 (4NCL)"]
[Site "England"]
[Date "2017.03.19"]
[Round "8.104"]
[White "Vallis, Nicholas J"]
[Black "Zarev, Dragomir"]
[Result "0-1"]
[WhiteElo "1622"]
[BlackElo "1765"]
[PlyCount "48"]
[EventDate "2016.11.26"]
[EventType "team-swiss"]
[EventRounds "11"]
[EventCountry "ENG"]
[SourceTitle "EXT 2019"]
[Source "ChessBase"]
[SourceDate "2018.10.10"]
[SourceVersion "1"]
[SourceVersionDate "2018.10.10"]
[SourceQuality "1"]
[WhiteTeam "Sandhurst Cadets"]
[BlackTeam "Throw in the Tal II"]
[WhiteTeamCountry "ENG"]
[BlackTeamCountry "ENG"]

1. c4 e5 2. Nc3 Nf6 3. g3 d5 4. cxd5 Nxd5 5. Bg2 Nb6 6. d3 Nc6 7. Nf3 Bd6 8. 0-0 0-0 9. Ne4 Be6 10. b3 Qd7 11. Bb2 f5 12. Nxd6 cxd6 13. Ng5 Rae8 14. Rc1 f4 15. Nxe6 Rxe6 16. Bh3 Nd5 17. Qd2 Qf7 18. Bxe6 Qxe6 19. Kg2 Nce7 20. h3 h5 21. e3 Ng6 22. exf4 Ngxf4+ 23. gxf4 Nxf4+ 24. Kg1 Qg6+ 0-1

[Event "BCF-chT4S 1617 (4NCL)"]
[Site "England"]
[Date "2016.11.26"]
[Round "1.115"]
[White "Ross, Stuart"]
[Black "Vallis, Nicholas J"]
[Result "1-0"]
[WhiteElo "1720"]
[BlackElo "1630"]
[PlyCount "65"]
[EventDate "2016.11.26"]
[EventType "team-swiss"]
[EventRounds "11"]
[EventCountry "ENG"]
[SourceTitle "EXT 2019"]
[Source "ChessBase"]
[SourceDate "2018.10.10"]
[SourceVersion "1"]
[SourceVersionDate "2018.10.10"]
[SourceQuality "1"]
[WhiteTeam "Shropshire II"]
[BlackTeam "Sandhurst Cadets"]
[WhiteTeamCountry "ENG"]
[BlackTeamCountry "ENG"]

1. e4 c6 2. d4 d5 3. Nc3 dxe4 4. Nxe4 Bf5 5. Ng3 Bg6 6. Nf3 Nf6 7. h4 h6 8. h5 Bh7 9. Bd3 Bxd3 10. Qxd3 e6 11. Bd2 Nbd7 12. 0-0-0 Be7 13. Kb1 Qc7 14. Qe2 0-0-0 15. Ne5 Nxe5 16. dxe5 Nd5 17. c4 Nb6 18. f4 Rd7 19. Ba5 Rhd8 20. Ne4 Rd4 21. Nd6+ R4xd6 22. exd6 Bxd6 23. g3 Re8 24. Qf2 Be7 25. c5 Bxc5 26. Qxc5 f6 27. Bxb6 axb6 28. Qd6 Qxd6 29. Rxd6 e5 30. Re1 Kc7 31. fxe5 Rxe5 32. Rxe5 Kxd6 33. Re8 1-0